000 01626nam a2200421 i 4500
001 DIGVERBUM0687
003 NyNyDIG
006 m o d
007 cr |||||||||||
008 210406s2019 sp ob 000 0 spa d
035 _a(OCoLC)1248607125
040 _aDGITA
_beng
_erda
_epn
_cDGITA
020 _z9788490748091
050 1 4 _aPQ6653.O39 ebook
100 1 _aColinas, Antonio,
_d1946-
_einterviewee.
245 1 3 _aLa plenitud consciente /
_cAntonio Colinas ; entrevistas seleccionadas por Alfredo Rodríguez.
264 1 _aLa Poveda (Arganda del Rey) Madrid :
_bEditorial Verbum,
_c[2019]
300 _a1 online resource.
336 _atext
_btxt
_2rdacontent
337 _acomputer
_bc
_2rdamedia
338 _aonline resource
_bcr
_2rdacarrier
347 _atext file
_2rdaft
347 _bPDF
490 1 _aVerbum Ensayo
504 _aIncludes bibliographical references.
588 0 _aOnline resource; title from PDF title page (Digitalia, viewed April 6, 2021)
600 1 0 _aColinas, Antonio,
_d1946-
_vInterviews.
650 0 _aAuthors, Spanish
_vInterviews.
655 0 _aElectronic books.
700 1 _aRodríguez, Alfredo,
_d1969-
_eeditor.
791 2 _aDigitalia (Firm),
_edistributor.
793 0 _gDigitalia eBook Collection:
_aVerbum
776 0 8 _iPrint version:
_aColinas, Antonio, 1946-
_tPlenitud consciente.
_dMadrid : Editorial Verbum, [2019]
_z9788490748091
_w(DLC) 2019386919
_w(OCoLC)1089757128
830 0 _aEnsayo (Editorial Verbum)
856 4 0 _3Digitalia Hispánica
_uhttps://www.digitaliapublishing.com/a/63340/
910 _aPremium collection: 2021
942 _cRAA
999 _c259160
_d259160